[Event "AUT-ch Seniors 65"]
[Site "Vienna"]
[Date "2017.02.10"]
[Round "5.3"]
[White "Karall, Lorenz"]
[Black "Binder, Karl"]
[Result "1/2-1/2"]
[WhiteElo "1937"]
[BlackElo "1944"]
[PlyCount "38"]
[EventDate "2017.02.06"]
[EventType "swiss"]
[EventRounds "7"]
[EventCountry "AUT"]
[SourceTitle "EXT 2024"]
[Source "ChessBase"]
[SourceDate "2023.10.10"]
[SourceVersion "1"]
[SourceVersionDate "2023.10.10"]
[SourceQuality "1"]

1. d4 g6 2. c4 Nf6 3. Nf3 Bg7 4. Nc3 d6 5. e4 0-0 6. Be2 e5 7. 0-0 Nc6 8. d5 Ne7 9. Ne1 Ne8 10. Be3 f5 11. f3 f4 12. Bf2 g5 13. Nd3 Ng6 14. b4 Nf6 15. Rc1 Rf7 16. a4 h5 17. c5 Bf8 18. h3 Rg7 19. Kh2 Nh8 1/2-1/2